Guess The Fortune 500 Company #1 - Statistics

General Stats
  • This quiz has been taken 78 times
  • The average score is 61 of 104
Answer Stats
Picture Answer % Correct
Amazon
98%
Apple
98%
Walmart
98%
Ford
93%
Microsoft
91%
Disney
89%
Target
88%
Tesla
88%
HP
86%
HP
86%
Netflix
86%
Nike
86%
UPS
86%
American Airlines
84%
AT&T
84%
Dell
84%
General Motors
84%
American Express
82%
Fedex
82%
Mcdonalds
82%
Paypal
82%
Starbucks
82%
Costco
81%
Home Depot
81%
Visa
81%
Best Buy
79%
Coca Cola
79%
CVS
77%
Intel
77%
Mastercard
77%
Chevron
75%
Warner Bros
75%
Well's Fargo
75%
Paramount
74%
Citi
72%
Exxon
72%
John Deere
72%
Kroger
72%
Meta
72%
Verizon
72%
Kraft
68%
Walgreens
68%
Johnson & Johnson
67%
Bank Of America
65%
Caterpillar
65%
Chase
65%
Colgate
65%
Lowe's
65%
Delta
63%
Adobe
61%
General Electric
61%
TJ Maxx
61%
Whirlpool
61%
3M
60%
Boeing
60%
Macy's
60%
Morgan Stanley
60%
Union Pacific
60%
Marriott
58%
State Farm
58%
Honeywell
56%
United Airlines
56%
Liberty Mutual
54%
Nvidia
53%
Cisco
51%
Allstate
49%
Progressive
49%
Goldman Sachs
47%
Pioneer
47%
Alphabet
46%
Discover
46%
Procter & Gamble
46%
Carmax
44%
Pfizer
44%
General Mills
42%
Metlife
42%
Nationwide
42%
Rite Aid
40%
UBER
40%
Southwest
39%
United Health
39%
Waste Management
39%
Goodyear
37%
Ross
35%
Oracle
33%
Publix
33%
Valero
33%
Sherwin Williams
32%
Lockheed Martin
30%
Salesforce
30%
Abbott
26%
Albertson's
26%
Capital One
26%
Comcast
25%
Qualcomm
25%
AIG
23%
Merck
23%
Pepsico
23%
Baker Hughes
21%
Prudential
21%
Sinclair
18%
DOW
12%
Philip Morris
12%
Kimberly Clark
11%
No matching quizzes found
Score Distribution
Percent of People with Each Score
Percentile by Number Answered
Your Score History
You have not taken this quiz